High School Musical: Complete Discography - Statistics

General Stats
  • This quiz has been taken 115 times
    13 since last reset
  • The average score is 36 of 79
Answer Stats
Album Song % Correct
High School Musical Breaking Free
100%
High School Musical 2 Everyday
100%
High School Musical 2 Fabulous
100%
High School Musical 3: Senior Year High School Musical
100%
High School Musical Start Of Something New
100%
High School Musical We're All In This Together
100%
High School Musical 2 What Time Is It?
100%
High School Musical 2 All For One
92%
High School Musical 2 Bet On It
92%
High School Musical 3: Senior Year Can I Have This Dance?
92%
High School Musical 2 I Don't Dance
92%
High School Musical What I've Been Looking For
92%
High School Musical 2 Work This Out
92%
High School Musical 2 You Are The Music In Me
92%
High School Musical Get'cha Head In The Game
83%
High School Musical 2 Gotta Go My Own Way
83%
High School Musical 3: Senior Year Now Or Never
83%
High School Musical 3: Senior Year Scream
83%
High School Musical When There Was Me And You
83%
High School Musical 3: Senior Year A Night To Remember
75%
High School Musical Bop To The Top
75%
High School Musical Stick To The Status Quo
75%
High School Musical 3: Senior Year The Boys Are Back
75%
High School Musical 3: Senior Year I Want It All
67%
High School Musical 3: Senior Year Just Wanna Be With You
67%
High School Musical: The Musical: The Series All I Want
58%
High School Musical 3: Senior Year Right Here, Right Now
58%
High School Musical 3: Senior Year Walk Away
58%
High School Musical 2 (Bonus) Humuhumunukunukuapua'a
42%
High School Musical: The Musical: The Series: Season 2 Second Chance
42%
High School Musical: The Musical: The Series: Season 2 The Rose Song
42%
High School Musical: The Musical: The Series Wondering
42%
High School Musical I Can't Take My Eyes Off Of You
33%
High School Musical: The Musical: The Series I Think I Kinda, You Know
33%
High School Musical: The Musical: The Series: The Final Season Maybe This Time
33%
High School Musical: The Musical: The Series: The Final Season Puppy Love
33%
High School Musical 3: Senior Year Senior Year Spring Musical
33%
High School Musical: The Musical: The Series: Season 2 1-2-3
25%
High School Musical: The Musical: The Series A Billion Sorrys
25%
High School Musical: The Musical: The Series: Season 2 A Dancer's Heart
25%
High School Musical: The Musical: The Series: Season 3 Balance
25%
High School Musical: The Musical: The Series: Season 3 Ballad Of Susan Fine
25%
High School Musical: The Musical: The Series Born To Be Brave
25%
High School Musical: The Musical: The Series: The Final Season Call It What You Want
25%
High School Musical: The Musical: The Series: Season 3 Different Way To Dance
25%
High School Musical: The Musical: The Series: The Final Season Dreams Don't Die
25%
Sharpay's Fabulous Adventure Gonna Shine
25%
High School Musical: The Musical: The Series: The Final Season High School Reunion
25%
High School Musical: The Musical: The Series: Season 2 In A Heartbeat
25%
High School Musical: The Musical: The Series: The Final Season Love You Forever
25%
Sharpay's Fabulous Adventure My Boi And Me
25%
Sharpay's Fabulous Adventure My Girl And Me
25%
Sharpay's Fabulous Adventure New York's Best Kept Secret
25%
High School Musical: The Musical: The Series: The Final Season Nightmares Come To Life
25%
High School Musical: The Musical: The Series Out Of The Old
25%
High School Musical: The Musical: The Series: The Final Season Over Again
25%
High School Musical: The Musical: The Series: Season 3 Right Place
25%
High School Musical: The Musical: The Series: Season 3 Rising
25%
High School Musical: The Musical: The Series: Season 3 Shallow Lake
25%
High School Musical: The Musical: The Series: The Final Season Speak Out
25%
Sharpay's Fabulous Adventure The Rest Of My Life
25%
High School Musical: The Musical: The Series: Season 2 Around You
17%
High School Musical: The Musical: The Series: Season 2 Even When
17%
High School Musical: The Musical: The Series: Season 3 Finally Free
17%
High School Musical: The Musical: The Series: Season 2 Granted
17%
High School Musical: The Musical: The Series: Season 3 It's On
17%
High School Musical: The Musical: The Series Just For A Moment
17%
High School Musical 3: Senior Year (Bonus) Just Getting Started
17%
High School Musical: The Musical: The Series: Season 2 Let You Go
17%
High School Musical: The Musical: The Series: Season 2 Red Means Love
17%
High School Musical: The Musical: The Series Role Of A Lifetime
17%
High School Musical: The Musical: The Series: Season 2 Something In The Air
17%
High School Musical: The Musical: The Series: Season 2 The Best Part
17%
High School Musical: The Musical: The Series: Season 2 The Perfect Gift
17%
High School Musical: The Musical: The Series Truth, Justice, And Songs In Our Key
17%
High School Musical: The Musical: The Series: Season 2 YAC Alma Mater
17%
High School Musical: The Musical: The Series: Season 2 You Ain't Seen Nothin'
17%
High School Musical 3: Senior Year (Bonus) All Or Nothing
8%
High School Musical 3: Senior Year (Bonus) Still There For Me
8%
No matching quizzes found
Score Distribution
Percent of People with Each Score
Percentile by Number Answered
Your Score History
You have not taken this quiz since the last reset